000 00314nam a2200133 i 4500
001 bg
100 1 _aHARTMANN, M.
245 0 _aTaschenbuch Hochbauschäden und fehler /
_cM. Hartmann.
260 _aStuttgart,
_c1967.
040 _cBPK
041 _apol
942 _cKS
008 s pl f |000 0 pol
999 _c8551
_d8551
856 _uhttp://koha.tu.koszalin.pl/cgi-bin/koha/opac-detail.pl?biblionumber=8551
_yKatalog online BPK